<?xml version="1.0" encoding="UTF-8"?>
<record
    xmlns:xsi="http://www.w3.org/2001/XMLSchema-instance"
    xsi:schemaLocation="http://www.loc.gov/MARC21/slim http://www.loc.gov/standards/marcxml/schema/MARC21slim.xsd"
    xmlns="http://www.loc.gov/MARC21/slim">

  <leader>01591nam a2200277 a 4500</leader>
  <controlfield tag="001">BRCA_8636</controlfield>
  <controlfield tag="005">20190320210343.0</controlfield>
  <controlfield tag="008">220916s1791----mx-#######---#000-0#spa-#</controlfield>
  <datafield tag="041" ind1=" " ind2=" ">
    <subfield code="a">spa</subfield>
  </datafield>
  <datafield tag="044" ind1=" " ind2=" ">
    <subfield code="a">mx</subfield>
  </datafield>
  <datafield tag="050" ind1=" " ind2="4">
    <subfield code="a">NA9068</subfield>
    <subfield code="b">.R44</subfield>
    <subfield code="c">1791</subfield>
  </datafield>
  <datafield tag="245" ind1="1" ind2="0">
    <subfield code="a">Reglamento para los mercados de M&#xE9;xico formado de orden del exmo. se&#xF1;or virrey conde de revillagigedo especialmente para el principal establecimiento en la plaza del volador.</subfield>
  </datafield>
  <datafield tag="260" ind1=" " ind2=" ">
    <subfield code="a">M&#xE9;xico</subfield>
    <subfield code="b">Don Felipe de Zu&#xF1;iga y Ontiveros</subfield>
    <subfield code="c">1791</subfield>
  </datafield>
  <datafield tag="300" ind1=" " ind2=" ">
    <subfield code="a">10 p.</subfield>
    <subfield code="c">30 cm</subfield>
  </datafield>
  <datafield tag="500" ind1=" " ind2=" ">
    <subfield code="a">Fondo antiguo</subfield>
  </datafield>
  <datafield tag="500" ind1=" " ind2=" ">
    <subfield code="a">Se encuentra en Caja Fuerte</subfield>
  </datafield>
  <datafield tag="500" ind1=" " ind2=" ">
    <subfield code="a">D-127?</subfield>
  </datafield>
  <datafield tag="500" ind1=" " ind2=" ">
    <subfield code="a">Estado f&#xED;sico: deteriorado, hojas desprendidas</subfield>
  </datafield>
  <datafield tag="500" ind1=" " ind2=" ">
    <subfield code="a">Nota de encuadernaci&#xF3;n: carpeta de piel de becerro</subfield>
  </datafield>
  <datafield tag="505" ind1="0" ind2=" ">
    <subfield code="a">Caperta que contiene otros documentos: Cuaderno 3&#xB0; Real Provisi&#xF3;n librada a fabor del 3er Dn Franco Maldonado Zapata contra el Dr Domingo de Apresa y Moctezuma.-- R. Tribunal importante cuerpo de la miner&#xED;a de N. E. y ha de ser tenido y atendido por.-- Titulos de ntra casitas hubicada en el Barrio de Santiago perteneciente a Dn Alejo Antonio Suarez.-- Los inquisidores apostolicos contra la hereterica pravedad y postar&#xED;a en esta ciudad de M&#xE9;xico. Estados y provincias  de esta Nueva Espa&#xF1;a, Guatemala, Nicaragua, Islas Philipinas y su distrito por autoridad apostolica, Real y Ordinaria, &amp; c.</subfield>
  </datafield>
  <datafield tag="506" ind1="0" ind2=" ">
    <subfield code="a">Fondo reservado: para su consulta es necesario credencial de usuario y carta de motivos</subfield>
  </datafield>
  <datafield tag="650" ind1="1" ind2="4">
    <subfield code="a">Plazas</subfield>
    <subfield code="z">M&#xE9;xico</subfield>
    <subfield code="9">3120</subfield>
  </datafield>
  <datafield tag="650" ind1="1" ind2="4">
    <subfield code="a">Historia</subfield>
    <subfield code="z">M&#xE9;xico</subfield>
    <subfield code="9">10416</subfield>
  </datafield>
  <datafield tag="902" ind1=" " ind2=" ">
    <subfield code="a">LAR</subfield>
  </datafield>
  <datafield tag="942" ind1=" " ind2=" ">
    <subfield code="2">lcc</subfield>
    <subfield code="c">B</subfield>
  </datafield>
  <datafield tag="999" ind1=" " ind2=" ">
    <subfield code="c">8296</subfield>
    <subfield code="d">8296</subfield>
  </datafield>
  <datafield tag="952" ind1=" " ind2=" ">
    <subfield code="0">0</subfield>
    <subfield code="1">0</subfield>
    <subfield code="4">0</subfield>
    <subfield code="7">0</subfield>
    <subfield code="a">BRCA</subfield>
    <subfield code="b">BRCA</subfield>
    <subfield code="d">2016-09-22</subfield>
    <subfield code="i">D-127?</subfield>
    <subfield code="l">0</subfield>
    <subfield code="o">NA9068 .R44 1791 (D-127?)</subfield>
    <subfield code="p">LAR00142</subfield>
    <subfield code="r">2019-03-22 00:00:00</subfield>
    <subfield code="w">2019-03-22</subfield>
    <subfield code="y">B</subfield>
  </datafield>
</record>
